00392nam a2200157Ia 4500003000400000005001700004008004000021040000700061082001500068100003100083245003300114250000600147260003600153300001200189650003300201OSt20260109142053.0210210b1969 xxu||||| |||| 00| 0 eng d cAL a541.9 NADP aNADKARNY (V V) and Others. aPractical physical chemistry a7 aBombaybPopular Prakashanc1969 avii,232 aPractical physical chemistry